<?xml version="1.0" encoding="UTF-8"?>
<record
    xmlns:xsi="http://www.w3.org/2001/XMLSchema-instance"
    xsi:schemaLocation="http://www.loc.gov/MARC21/slim http://www.loc.gov/standards/marcxml/schema/MARC21slim.xsd"
    xmlns="http://www.loc.gov/MARC21/slim">

  <leader>00850nam a22002177a 4500</leader>
  <controlfield tag="005">20240219101313.0</controlfield>
  <controlfield tag="008">240214b           ||||| |||| 00| 0 eng d</controlfield>
  <datafield tag="020" ind1=" " ind2=" ">
    <subfield code="a">9789382006664</subfield>
  </datafield>
  <datafield tag="040" ind1=" " ind2=" ">
    <subfield code="c">AL</subfield>
  </datafield>
  <datafield tag="041" ind1=" " ind2=" ">
    <subfield code="a">eng</subfield>
  </datafield>
  <datafield tag="082" ind1=" " ind2=" ">
    <subfield code="2">23</subfield>
    <subfield code="a">641</subfield>
    <subfield code="b">SARH</subfield>
  </datafield>
  <datafield tag="100" ind1=" " ind2=" ">
    <subfield code="a">Rohit Sarin</subfield>
    <subfield code="9">151163</subfield>
  </datafield>
  <datafield tag="245" ind1=" " ind2=" ">
    <subfield code="a">Handbook of food and beverage management</subfield>
  </datafield>
  <datafield tag="260" ind1=" " ind2=" ">
    <subfield code="a">New Delhi</subfield>
    <subfield code="b">Wisdom Press</subfield>
    <subfield code="c">2014</subfield>
  </datafield>
  <datafield tag="300" ind1=" " ind2=" ">
    <subfield code="a">312p.</subfield>
    <subfield code="b">HB</subfield>
    <subfield code="c">22x14cm</subfield>
  </datafield>
  <datafield tag="365" ind1=" " ind2=" ">
    <subfield code="2">General</subfield>
    <subfield code="a">VBI-2021</subfield>
    <subfield code="b">&#x20B9;746.00</subfield>
    <subfield code="c">&#x20B9;</subfield>
    <subfield code="d">&#x20B9;995.00</subfield>
    <subfield code="e">25%</subfield>
    <subfield code="f">16-01-2024</subfield>
  </datafield>
  <datafield tag="520" ind1=" " ind2=" ">
    <subfield code="a">Hospitality service; introduction to food service industry; restaurant layout furniture and equipment; menu planning; food and beverage control; food and beverage revenue control; function catering; food safety and quality.</subfield>
  </datafield>
  <datafield tag="650" ind1=" " ind2=" ">
    <subfield code="2">Food Science</subfield>
    <subfield code="a">Food &amp; Drink</subfield>
    <subfield code="9">151164</subfield>
  </datafield>
  <datafield tag="700" ind1=" " ind2=" ">
    <subfield code="a">Rana, Varinder Singh</subfield>
    <subfield code="9">151165</subfield>
  </datafield>
  <datafield tag="942" ind1=" " ind2=" ">
    <subfield code="2">ddc</subfield>
    <subfield code="c">BK</subfield>
  </datafield>
  <datafield tag="999" ind1=" " ind2=" ">
    <subfield code="c">229811</subfield>
    <subfield code="d">229811</subfield>
  </datafield>
  <datafield tag="952" ind1=" " ind2=" ">
    <subfield code="0">0</subfield>
    <subfield code="1">0</subfield>
    <subfield code="2">ddc</subfield>
    <subfield code="4">0</subfield>
    <subfield code="7">0</subfield>
    <subfield code="8">FSND</subfield>
    <subfield code="a">SACPG</subfield>
    <subfield code="b">SACPG</subfield>
    <subfield code="d">2024-01-23</subfield>
    <subfield code="e">Vidyarthi Books</subfield>
    <subfield code="g">746.00</subfield>
    <subfield code="l">0</subfield>
    <subfield code="o">641 SARH</subfield>
    <subfield code="p">PG024602</subfield>
    <subfield code="r">2024-02-14 00:00:00</subfield>
    <subfield code="v">995.00</subfield>
    <subfield code="w">2024-02-14</subfield>
    <subfield code="y">BK</subfield>
  </datafield>
  <datafield tag="952" ind1=" " ind2=" ">
    <subfield code="0">0</subfield>
    <subfield code="1">0</subfield>
    <subfield code="2">ddc</subfield>
    <subfield code="4">0</subfield>
    <subfield code="7">0</subfield>
    <subfield code="8">FSND</subfield>
    <subfield code="a">SACPG</subfield>
    <subfield code="b">SACPG</subfield>
    <subfield code="d">2024-01-23</subfield>
    <subfield code="e">Vidyarthi Books</subfield>
    <subfield code="g">746.00</subfield>
    <subfield code="l">0</subfield>
    <subfield code="o">641 SARH</subfield>
    <subfield code="p">PG024603</subfield>
    <subfield code="r">2024-02-14 00:00:00</subfield>
    <subfield code="v">995.00</subfield>
    <subfield code="w">2024-02-14</subfield>
    <subfield code="y">BK</subfield>
  </datafield>
  <datafield tag="952" ind1=" " ind2=" ">
    <subfield code="0">0</subfield>
    <subfield code="1">0</subfield>
    <subfield code="2">ddc</subfield>
    <subfield code="4">0</subfield>
    <subfield code="7">0</subfield>
    <subfield code="8">FSND</subfield>
    <subfield code="a">SACPG</subfield>
    <subfield code="b">SACPG</subfield>
    <subfield code="d">2024-01-23</subfield>
    <subfield code="e">Vidyarthi Books</subfield>
    <subfield code="g">746.00</subfield>
    <subfield code="l">0</subfield>
    <subfield code="o">641 SARH</subfield>
    <subfield code="p">PG024604</subfield>
    <subfield code="r">2024-02-14 00:00:00</subfield>
    <subfield code="v">995.00</subfield>
    <subfield code="w">2024-02-14</subfield>
    <subfield code="y">BK</subfield>
  </datafield>
  <datafield tag="952" ind1=" " ind2=" ">
    <subfield code="0">0</subfield>
    <subfield code="1">0</subfield>
    <subfield code="2">ddc</subfield>
    <subfield code="4">0</subfield>
    <subfield code="7">0</subfield>
    <subfield code="8">FSND</subfield>
    <subfield code="a">SACPG</subfield>
    <subfield code="b">SACPG</subfield>
    <subfield code="d">2024-01-23</subfield>
    <subfield code="e">Vidyarthi Books</subfield>
    <subfield code="g">746.00</subfield>
    <subfield code="l">0</subfield>
    <subfield code="o">641 SARH</subfield>
    <subfield code="p">PG024605</subfield>
    <subfield code="r">2024-02-14 00:00:00</subfield>
    <subfield code="v">995.00</subfield>
    <subfield code="w">2024-02-14</subfield>
    <subfield code="y">BK</subfield>
  </datafield>
</record>
